000 01332nam a2200337 u 4500
001 000019031
003 DO-SdBNP
005 20250307073709.0
008 100524s1986 dr ac r 001 0 spa d
020 _a968161996x
040 _aDO-SdBNP
_bspa
_cBNPHU
082 _aRD868.44
_bR457c
100 1 _aReyes, Alfonso,
_d1889-1959
_914218
245 1 0 _aCorrespondencia :
_b1907 -1914 /
_cAlfonso Reyes, Pedro Henríquez Ureña; edición José Luis Martínez.
260 _aMéxico :
_bFondo de Cultura Económica,
_c1986-.
300 _av. ;
_c22 cm.
490 1 _aBiblioteca americana
500 _aLa biblioteca posee el v. 1
500 _aIncluye referencias bibliográficas y notas al pie de las páginas
500 _aIncluye índice
505 0 _gv.1.
_t1907-1914
600 1 4 _aREYES, ALFONSO,
_d1889-1959
_xCORRESPONDENCIAS, MEMORIAS, ETC.
_940945
600 1 0 _aHenríquez Ureña, Pedro,
_d1884-1946
_91718
650 4 _aAutores mexicanos
_ySIGLO XX
_xCorrespondencias, memorias, etc.
_940947
650 4 _aAutores dominicanos
_ySIGLO XX
_xCorrespondencias, memorias, etc.
_940948
700 1 _aHenríquez Ureña, Pedro,
_d1884-1946
_eed.
_91718
700 1 _aMartínez, José Luis
_d1918-2007
_eed.
_940950
830 0 _aBiblioteca americana
_940951
910 _aValidado. Control de calidad MFF
942 _2ddc
_cLBS1
999 _c18549
_d18549